| 000 | 01348nam a22003977a 4500 | ||
|---|---|---|---|
| 003 | CHAP | ||
| 005 | 20220329135038.0 | ||
| 008 | 971013c18251828 r 00010 d | ||
| 010 | _a30074 | ||
| 011 | _a31046 | ||
| 035 | _a35158 | ||
| 040 | _cCHAP | ||
| 082 |
_a580.12 _bL5 |
||
| 100 | 1 |
_aLinné, Carl Von. _966997 |
|
| 245 | _aSystema vegetabilium | ||
| 250 | _a16 ed. | ||
| 260 |
_aGottingae : _bSumtibus Librarie Dieterichanae, _c1825-1828 |
||
| 300 | _a5 v. | ||
| 500 | _aEl v.5 consta de dos partes | ||
| 590 |
_aBATCH-UPD _b10 _c20130110 _lUCH01 _h0005 |
||
| 590 |
_aBATCH-UPD _b10 _c20130110 _lUCH01 _h2020 |
||
| 590 |
_aBATCH-UPD _b10 _c20130410 _lUCH01 _h1338 |
||
| 590 |
_aBATCH-UPD _b10 _c20130914 _lUCH01 _h0730 |
||
| 590 |
_aBATCH-UPD _b10 _c20161103 _lUCH01 _h1424 |
||
| 590 |
_aCONVERSION _b10 _c20130109 _lUCH01 _h1317 |
||
| 650 | 1 | 4 |
_aBotánica _xClasificación. _914516 |
| 650 | 1 | 4 |
_aPlantas _xNomenclatura. _988871 |
| 700 | 0 |
_aSprengel, Kurt. _9109279 |
|
| 901 | _aBK | ||
| 942 | _cLIBRO | ||
| 949 |
_a580.12 L5 _bBC _cBPP _d-81252 _eBPP _fv.1 _h8987 _i35158 _si |
||
| 949 |
_a580.12 L5 _bBC _cBPP _d-81253 _eBPP _fv.2 _h8988 _i35158 _si |
||
| 949 |
_a580.12 L5 _bBC _cBPP _d-81254 _eBPP _fv.3 _h8989 _i35158 _si |
||
| 949 |
_a580.12 L5 _bBC _cBPP _d-81255 _eBPP _fv.4 _h8990 _i35158 _si |
||
| 949 |
_a580.12 L5 _bBC _cBPP _d-81256 _eBPP _fv.5 _h8991 _i35158 _si |
||
| 999 |
_c30074 _d30074 |
||